Digital information graphics

Bibliographic Details
Main Author: Woolman, Matt
Format: Book
Published: New york : Thames & Hudson , 2002
Subjects:

MARC

LEADER 00000cam a2200000 7i4500
001 0000011831
005 20050613.0
020 |a 0500510946 
040 |a INS 
090 0 0 |a T385   |b W6465 2002 
100 1 |a Woolman, Matt 
245 1 0 |a Digital information graphics   |c Matt Woolman 
260 |a New york :   |b Thames & Hudson ,   |c 2002 
300 |a 176p :   |b 27cm 
650 0 0 |a Computer graphics 
650 0 0 |a Web site   |x Design 
999 |a 0000011826   |b BOOK   |c Open Shelf   |e Default branch